000
00300nam a2200121Ia 4500
008
170620s9999 xx 000 0 und d
100
_a
CHATWAL - GURDEEP R
245
0
_a
INSTRUMENTAL METHOD OF CHEMICAL ANALYSIS
260
_b
HIMALAYA
260
_c
2006
300
_a
278
546
_a
English
690
_a
INSTRUMENTAL ANALYSIS
999
_c
30889
_d
30889